000 01292nam a22003017a 4500
005 20251201152412.0
008 251201b ||||| |||| 00| 0 eng d
020 _a9781350088481
020 _a9781350568310
020 _a9781350088504
020 _a9781350088498
040 _aCO-BoUCM
_cDavid Moreno
_dDavid Moreno
041 _aeng
245 0 0 _aExhibitions beyond boundaries
_btransnational exchanges through art, architecture, and design from 1945-1985
_cedited by Harriet Atkinson, Verity Clarkson, and Sarah A. Lichtman.
246 3 0 _aTransnational exchanges through art, architecture, and design from 1945-1985
250 _a1a.Ed
260 _aLondon; New York
_bBloomsbury Visual Arts
_c2022
300 _axvii, 302 Paginas
_bilustraciones
504 _aIncluye referencias bibliográficas e índices
650 1 4 _aMuseología
_xExposiciones
_xHistoria
_ySiglo XX
_9187497
650 1 4 _aArte, arquitectura y diseño
_xExposiciones
_xRelaciones culturales internacionales
_ySiglo XX
_9187498
700 1 _aAtkinson, Harriet
_eeditor
_9187493
700 1 _aClarkson, Verity
_eeditor
_9187494
700 1 _aLichtman, Sarah A.
_eeditor
_9187495
700 1 _aRaizman, David Seth
_9187496
942 _2DEWEY
_a17
_cLIBRO
_e1
_h708
_mA875e
_n0
999 _c325953
_d325953